00669cam a22001813a 450000100060000000300060000600500170001200800410002904000150007004200070008510000530009224501920014526000290033750600300036651600200039683000290041685600420044535581PGUSA20140828083751.0110315s2011||||xxu|||||s|||||000 | eng d aPGUSAbeng adc1 aCarnahan, James R.q(James Richards),d1840-190510aPersonal Recollections of Chickamauga :bA Paper Read before the Ohio Commandery of the Military Order of the Loyal Legion of the United Statesh[electronic resource] /cJames R. Carnahan bProject Gutenberg,c2011 aPublic domain in the USA. aElectronic text 0aProject Gutenbergv3558140uhttp://www.gutenberg.org/ebooks/35581